| 000 | 00636nam a2200229Ia 4500 | ||
|---|---|---|---|
| 003 | OSt | ||
| 005 | 20230509112942.0 | ||
| 008 | 210423s2013 xx 000 0 und d | ||
| 020 | _a978-81-8489-846-0 | ||
| 040 | _cAL | ||
| 041 | _aeng | ||
| 082 | _a512.52 HALF | ||
| 100 |
_aHALMOS(Paul R) _9100621 |
||
| 245 | _aFinite dimenisional vector spaces | ||
| 260 |
_aDelhi _bSpringer Pvt Ltd _c2013 |
||
| 300 |
_aviii,199 _bPB |
||
| 365 |
_b495 _cINR |
||
| 650 |
_aAlgebra _9100622 |
||
| 650 |
_aMathematics _9100623 |
||
| 906 | _aBeginners ; dimenisional ; Ed2 ; Finite ; graph ; guide ; spaces ; theory ; vector | ||
| 942 |
_2ddc _cBK |
||
| 999 |
_c165607 _d165607 |
||